Rostros culturales de la fauna (Registro nro. 7033)

Detalles MARC
000 -CABECERA
Campo de control 01055cam a2200265 a 4500
005 - FECHA Y HORA DE LA ULTIMA TRANSACCION
Campo de control 20160119025025.0
008 - ELEMENTOS DE LONGITUD FIJA—INFORMACION GENERAL
Campo de control 031211s2002 ck abd r 000 0 spa d
015 ## - NATIONAL BIBLIOGRAPHY NUMBER
National bibliography number SSN
020 ## - ISBN
ISBN 9588181003
040 ## - FUENTE DE CATALOGACIÓN
Agencia catalogadora original NN
Agencia transcriptora NYP
Agencia Modificadora DLC
-- AGL
-- CO-BoPUJ
-- CO-BoIAVH
041 0# - IDIOMA
Código de idioma para texto/pista de sonido o título separado Español
082 04 - NUMERO DE CLASIFICACION DECIMAL DEWEY
Número de clasificación 398.3
Número del ítem R67r
245 00 - MENCION DE TITULO
Título Rostros culturales de la fauna
Parte restante del título las relaciones entre los humanos y los animales en el contexto colombiano
Mención de responsabilidad Luis Guillermo Baptiste Ballera...[et al.]
260 ## - PUBLICACION, DISTRIBUCION, ETC. (PIE DE IMPRENTA)
Lugar de publicación, distribución, etc. Bogotá
Nombre del editor, distribuidor, etc. Instituto Colombiano de Antropología e Historia
Fecha de publicación, distribución, etc. 2002.
300 ## - DESCRIPCION FISICA
Extensión 343 paginas.
Otros detalles físicos ilustraciones, fotos, gráficas y mapas
Dimensiones 24 cm.
504 ## - NOTA DE BIBLIOGRAFIA, ETC.
Nota de bibliografía Incluye referencias bibliográficas.
650 24 - ASIENTO SECUNDARIO DE MATERIA - TERMINO TEMATICO
Término temático o nombre geográfico como elemento de entrada Leyendas indigenas
Subdivisión geográfica Colombia
650 24 - ASIENTO SECUNDARIO DE MATERIA - TERMINO TEMATICO
Término temático o nombre geográfico como elemento de entrada Etnozoologia
650 24 - ASIENTO SECUNDARIO DE MATERIA - TERMINO TEMATICO
Término temático o nombre geográfico como elemento de entrada Relaciones hombre-animal
650 24 - ASIENTO SECUNDARIO DE MATERIA - TERMINO TEMATICO
Término temático o nombre geográfico como elemento de entrada Animales y civilizacion
Subdivisión geográfica Colombia
650 24 - ASIENTO SECUNDARIO DE MATERIA - TERMINO TEMATICO
Término temático o nombre geográfico como elemento de entrada Fauna silvestre
Subdivisión geográfica Colombia
700 1# - ASIENTO SECUNDARIO - NOMBRE PERSONAL
Nombre personal Ulloa Cubillos, Astrid
Fechas asociadas con el nombre 1964-
Término de relación Ed.
700 1# - ASIENTO SECUNDARIO - NOMBRE PERSONAL
Nombre personal Baptiste Ballera, Brigitte Luis Guillermo
942 ## - ELEMENTOS ADICIONALES (KOHA)
Sistema de clasificación Dewey Decimal Classification
Tipo de ítem Libro
Existencias
Withdrawn status Lost status Sistema de Clasificación Damaged status No para préstamo Colección Inventariado Ubicación Permanente Ubicación actual Fecha de adquisición Fuente de Valor Valor Total Checkouts Número topográfico Inventario / Código de Barras Date last seen Ejemplar Price effective from Tipo de material
    Dewey Decimal Classification     General Inventariado 2017 Bogotá Bogotá 29/07/2009 Instituto 15000.00   LB-398.3 R67r 027248 04/12/2012 Ej.1 04/12/2012 Libro